[Event "Gatineau CC-ch semi-rapide"]
[Site "Gatineau CAN"]
[Date "2014.03.25"]
[Round "1"]
[White "Lessard, Alex"]
[Black "Seguin, Hubert"]
[Result "1-0"]
[WhiteElo "1782"]
[BlackElo "1560"]
[PlyCount "43"]
[EventDate "2014.03.25"]
[EventType "swiss (rapid)"]
[EventRounds "6"]
[EventCountry "CAN"]

1. d4 d5 2. c4 c6 3. Nf3 Nf6 4. e3 Bg4 5. Qb3 b6 6. Nc3 e6 7. Ne5 Bf5 8. f3 Be7
9. Bd2 O-O 10. g4 Bg6 11. h4 h6 12. Nxg6 fxg6 13. Bd3 Qc7 14. O-O-O Kf7 15. Qc2
Nbd7 16. Bxg6+ Kg8 17. g5 hxg5 18. hxg5 Ne8 19. Bh7+ Kh8 20. Bf5+ Kg8 21. Bxe6+
Rf7 22. Qh7+ 1-0

[Event "Gatineau CC-ch semi-rapide"]
[Site "Gatineau CAN"]
[Date "2014.03.25"]
[Round "1"]
[White "Pepin, Christian"]
[Black "Lavergne, Daniel"]
[Result "1-0"]
[WhiteElo "1814"]
[BlackElo "1586"]
[PlyCount "55"]
[EventDate "2014.03.25"]
[EventType "swiss (rapid)"]
[EventRounds "6"]
[EventCountry "CAN"]

1. e4 c5 2. c3 b6 3. d4 Bb7 4. e5 e6 5. Nf3 d5 6. Bb5+ Nd7 7. O-O a6 8. Bd3 g6
9. Bg5 Be7 10. Be3 Qc7 11. a4 h5 12. Qd2 O-O-O 13. b3 h4 14. Qe2 c4 15. bxc4
dxc4 16. Bxc4 Bxf3 17. gxf3 f6 18. Bxe6 fxe5 19. Qxa6+ Qb7 20. Qe2 exd4 21.
cxd4 Bd6 22. Nc3 Rh5 23. Nb5 Rxb5 24. axb5 Kb8 25. Ra4 Qc7 26. Rfa1 Ngf6 27.
Ra8+ Kb7 28. R1a7# 1-0

[Event "Gatineau CC-ch semi-rapide"]
[Site "Gatineau CAN"]
[Date "2014.03.25"]
[Round "1"]
[White "Piche, Guy"]
[Black "Berthiaume, Serge"]
[Result "1-0"]
[WhiteElo "1694"]
[BlackElo "1318"]
[PlyCount "54"]
[EventDate "2014.03.25"]
[EventType "swiss (rapid)"]
[EventRounds "6"]
[EventCountry "CAN"]

1. d4 Nf6 2. Nf3 g6 3. e3 Bg7 4. Bd3 O-O 5. O-O d5 6. c4 Bg4 7. Nbd2 c5 8. dxc5
Nc6 9. Qc2 Nb4 10. Qb3 Nxd3 11. Qxd3 Bf5 12. Qb3 dxc4 13. Nxc4 Qc7 14. Qb4 Nd5
15. Qb5 Bd7 16. Qb3 Rab8 17. e4 Nf4 18. Bxf4 Qxf4 19. e5 Be6 20. Rac1 Rfc8 21.
Qe3 Qxe3 22. Nxe3 Bxa2 23. b4 Be6 24. Ra1 a6 25. Rfd1 Rd8 26. Kf1 Bd7 27. Ke1
Bb5 1-0

[Event "Gatineau CC-ch semi-rapide"]
[Site "Gatineau CAN"]
[Date "2014.03.25"]
[Round "1"]
[White "Poirier, Alexis"]
[Black "Brousseau, Yvan"]
[Result "1-0"]
[WhiteElo "1466"]
[BlackElo "1706"]
[PlyCount "47"]
[EventDate "2014.03.25"]
[EventType "swiss (rapid)"]
[EventRounds "6"]
[EventCountry "CAN"]

1. e4 d5 2. exd5 Qxd5 3. Nc3 Qa5 4. b4 Qb6 5. Nf3 Nf6 6. d4 Bg4 7. Qd3 c6 8.
Be2 e6 9. a3 Bf5 10. Qd1 Bd6 11. Na4 Qc7 12. Nc5 b6 13. Nd3 Nbd7 14. Bb2 O-O
15. c4 c5 16. Nde5 Bxe5 17. dxe5 Ng4 18. Qd6 Rac8 19. h3 Qxd6 20. exd6 f6 21.
hxg4 Bxg4 22. Rc1 h6 23. Rh4 Bf5 24. Kd2 1-0

[Event "Gatineau CC-ch semi-rapide"]
[Site "Gatineau CAN"]
[Date "2014.03.25"]
[Round "1"]
[White "Poirier, Damien"]
[Black "Raymond, Daniel"]
[Result "0-1"]
[WhiteElo "991"]
[BlackElo "1636"]
[PlyCount "53"]
[EventDate "2014.03.25"]
[EventType "swiss (rapid)"]
[EventRounds "6"]
[EventCountry "CAN"]

1. e4 c5 2. Nf3 d6 3. d4 cxd4 4. Nxd4 Nf6 5. f3 e6 6. Bc4 Be7 7. O-O O-O 8. Bd2
Qb6 9. Be3 Qxb2 10. Nc3 Qxc3 11. Qe2 a6 12. Rab1 b5 13. Rb3 Qxc4 14. Qf2 Nc6
15. Nxc6 Qxc6 16. c3 Bb7 17. Qg3 Kh8 18. Bg5 Rfe8 19. h3 Qc5+ 20. Kh1 Nh5 21.
Qg4 Qxg5 22. Qxg5 Bxg5 23. Rd1 d5 24. e5 Rac8 25. g4 Nf4 26. h4 Bxh4 27. Kh2
0-1

[Event "Gatineau CC-ch semi-rapide"]
[Site "Gatineau CAN"]
[Date "2014.03.25"]
[Round "1"]
[White "Scantland, Patrick"]
[Black "Akrib, Fouad"]
[Result "1/2-1/2"]
[WhiteElo "1628"]
[BlackElo "1500"]
[PlyCount "91"]
[EventDate "2014.03.25"]
[EventType "swiss (rapid)"]
[EventRounds "6"]
[EventCountry "CAN"]

1. d4 d5 2. c4 e5 3. dxe5 d4 4. Nf3 Nc6 5. e3 Bb4+ 6. Bd2 dxe3 7. fxe3 Nge7 8.
Be2 Bxd2+ 9. Qxd2 O-O 10. O-O Ng6 11. Nc3 Qxd2 12. Nxd2 Ncxe5 13. Rad1 Bg4 14.
Nf3 Bxf3 15. gxf3 Rfd8 16. f4 Nc6 17. Nd5 Rac8 18. a3 Nge7 19. e4 Rd6 20. Rd2
Nxd5 21. exd5 Ne7 22. Bf3 c6 23. Rfd1 cxd5 24. Bxd5 Nxd5 25. Rxd5 Rxd5 26. Rxd5
Kf8 27. c5 Ke7 28. b4 f6 29. f5 Rd8 30. Rxd8 Kxd8 31. Kf2 Kd7 32. Ke3 Kc6 33.
Kd4 a5 34. Kc4 axb4 35. axb4 g6 36. b5+ Kd7 37. fxg6 hxg6 38. Kd5 g5 39. c6+
bxc6+ 40. bxc6+ Kc7 41. Ke6 Kxc6 42. Kxf6 g4 43. Kf5 Kd6 44. Kxg4 Ke7 45. Kg5
Kf7 46. Kh6 1/2-1/2

[Event "Gatineau CC-ch semi-rapide"]
[Site "Gatineau CAN"]
[Date "2014.03.25"]
[Round "2"]
[White "Danis, Jacques"]
[Black "Lessard, Alex"]
[Result "1/2-1/2"]
[WhiteElo "1641"]
[BlackElo "1782"]
[PlyCount "78"]
[EventDate "2014.03.25"]
[EventType "swiss (rapid)"]
[EventRounds "6"]
[EventCountry "CAN"]

1. d4 d5 2. Bg5 h6 3. Bh4 g5 4. Bg3 Bg7 5. e3 Bf5 6. c4 Nf6 7. Nc3 O-O 8. Nf3
c6 9. Qb3 Qb6 10. cxd5 Qxb3 11. axb3 cxd5 12. Be2 a6 13. O-O Nc6 14. Rfc1 Rac8
15. Na4 Nd7 16. Nc5 Nxc5 17. Rxc5 Rfd8 18. Rac1 Na7 19. b4 Rxc5 20. Rxc5 Rc8
21. Nd2 Rxc5 22. bxc5 Bc2 23. Bc7 Nc6 24. Bf3 e6 25. Be2 e5 26. dxe5 Bxe5 27.
Bxe5 Nxe5 28. Bf3 Nd3 29. Bxd5 Nxc5 30. b4 Nd3 31. Bxb7 Nxb4 32. Nc4 Bd3 33.
Na5 f5 34. f3 Kf8 35. Kf2 Ke7 36. e4 fxe4 37. Bxe4 Bxe4 38. fxe4 Ke6 39. Ke3
Kd6 1/2-1/2

[Event "Gatineau CC-ch semi-rapide"]
[Site "Gatineau CAN"]
[Date "2014.03.25"]
[Round "2"]
[White "Jobin, Gilles G"]
[Black "Pepin, Christian"]
[Result "0-1"]
[WhiteElo "1650"]
[BlackElo "1814"]
[PlyCount "64"]
[EventDate "2014.03.25"]
[EventType "swiss (rapid)"]
[EventRounds "6"]
[EventCountry "CAN"]

1. d4 d5 2. Nf3 Nf6 3. e3 Bg4 4. c4 e6 5. Nc3 Be7 6. Be2 O-O 7. O-O Nbd7 8. b3
c6 9. Ne5 Bxe2 10. Qxe2 Bb4 11. Bb2 Nxe5 12. dxe5 Nd7 13. f4 Nc5 14. Rad1 Qa5
15. Na4 Ne4 16. f5 b5 17. f6 g6 18. a3 Bd2 19. Nc5 Nxc5 20. Rxd2 Nxb3 21. Rc2
bxc4 22. Qg4 h6 23. Qh4 Kh7 24. Bc3 Qb6 25. Rf3 Rh8 26. Rh3 Kg8 27. Qf4 g5 28.
Qf3 d4 29. exd4 Nxd4 30. Bxd4 Qxd4+ 31. Kf1 Rb8 32. Rc1 Qxe5 0-1

[Event "Gatineau CC-ch semi-rapide"]
[Site "Gatineau CAN"]
[Date "2014.03.25"]
[Round "2"]
[White "Lavergne, Daniel"]
[Black "Traversy, Pierre"]
[Result "1-0"]
[WhiteElo "1586"]
[BlackElo "1284"]
[PlyCount "41"]
[EventDate "2014.03.25"]
[EventType "swiss (rapid)"]
[EventRounds "6"]
[EventCountry "CAN"]

1. e4 c5 2. Nf3 Nc6 3. d4 cxd4 4. Nxd4 d6 5. Nc3 e5 6. Nb3 Nf6 7. Bg5 Be7 8. h4
h6 9. Bxf6 Bxf6 10. Bc4 a6 11. a4 O-O 12. a5 Be6 13. Nd5 Bxd5 14. Bxd5 Qc7 15.
Qd2 Ne7 16. g4 Ng6 17. g5 hxg5 18. hxg5 Be7 19. f3 Bd8 20. Qh2 Bxg5 21. Qh7#
1-0

[Event "Gatineau CC-ch semi-rapide"]
[Site "Gatineau CAN"]
[Date "2014.03.25"]
[Round "2"]
[White "Leon, Carlos Antonio"]
[Black "Guimond, Michel"]
[Result "1/2-1/2"]
[WhiteElo "1628"]
[BlackElo "1750"]
[PlyCount "57"]
[EventDate "2014.03.25"]
[EventType "swiss (rapid)"]
[EventRounds "6"]
[EventCountry "CAN"]

1. c4 e5 2. g3 d6 3. Bg2 c6 4. Nc3 Be6 5. d3 Qd7 6. h3 Be7 7. e4 g6 8. Nge2 g5
9. b4 Na6 10. Rb1 Nc7 11. b5 cxb5 12. Nxb5 h5 13. Nec3 a6 14. Nxc7+ Qxc7 15.
Qb3 b5 16. Nd5 Bxd5 17. cxd5 Nh6 18. Bd2 h4 19. g4 O-O 20. O-O Rfc8 21. Rfc1
Qd7 22. f3 Kg7 23. Be3 Bd8 24. Qb2 f6 25. Rxc8 Rxc8 26. Rc1 Nf7 27. Rxc8 Qxc8
28. Qc1 Qxc1+ 29. Bxc1 1/2-1/2

[Event "Gatineau CC-ch semi-rapide"]
[Site "Gatineau CAN"]
[Date "2014.03.25"]
[Round "2"]
[White "Poirier, Alexis"]
[Black "Piche, Guy"]
[Result "0-1"]
[WhiteElo "1466"]
[BlackElo "1694"]
[PlyCount "47"]
[EventDate "2014.03.25"]
[EventType "swiss (rapid)"]
[EventRounds "6"]
[EventCountry "CAN"]

1. e4 e5 2. Nf3 d6 3. Bc4 Be7 4. O-O c5 5. c3 Nf6 6. Re1 Nc6 7. a4 h6 8. d3 a6
9. h3 Qa5 10. Nbd2 Qc7 11. Nf1 Na5 12. Ba2 Be6 13. Ng3 Bxa2 14. Rxa2 g6 15. Be3
Kf8 16. Qc2 Kg7 17. Rc1 c4 18. d4 Nb3 19. Re1 Rhe8 20. Qe2 Ng8 21. Rd1 Bf6 22.
Nh2 Kh7 23. Ng4 Bg7 24. f4 0-1

[Event "Gatineau CC-ch semi-rapide"]
[Site "Gatineau CAN"]
[Date "2014.03.25"]
[Round "2"]
[White "Poirier, Damien"]
[Black "Arsenault, Yves"]
[Result "0-1"]
[WhiteElo "991"]
[BlackElo "1498"]
[PlyCount "66"]
[EventDate "2014.03.25"]
[EventType "swiss (rapid)"]
[EventRounds "6"]
[EventCountry "CAN"]

1. e4 c5 2. Nf3 Nc6 3. c3 e5 4. Bd3 Nf6 5. Bc4 Be7 6. Ng5 d5 7. Bb5 O-O 8. d3
dxe4 9. Nxe4 Nxe4 10. dxe4 Qxd1+ 11. Kxd1 Rd8+ 12. Ke2 Rd6 13. Rd1 Nd8 14. Nd2
Ne6 15. g3 Bf6 16. Nf3 Nc7 17. Bc4 b5 18. Bd3 Bg4 19. Rh1 Bxf3+ 20. Kxf3 Rxd3+
21. Be3 Rad8 22. a4 b4 23. cxb4 cxb4 24. a5 Nb5 25. Ke2 Rb3 26. Rhd1 Rxb2+ 27.
Kf3 Nd4+ 28. Kg2 Rc8 29. Rac1 Rc3 30. a6 g6 31. Bh6 Ra2 32. Rb1 b3 33. Rdc1
Rcc2 0-1

[Event "Gatineau CC-ch semi-rapide"]
[Site "Gatineau CAN"]
[Date "2014.03.25"]
[Round "2"]
[White "Seguin, Hubert"]
[Black "Legare, Gilles"]
[Result "1-0"]
[WhiteElo "1560"]
[BlackElo "1021"]
[PlyCount "47"]
[EventDate "2014.03.25"]
[EventType "swiss (rapid)"]
[EventRounds "6"]
[EventCountry "CAN"]

1. e4 c5 2. Nc3 e6 3. g3 Nc6 4. Bg2 b6 5. d3 Bb7 6. f4 e5 7. f5 g6 8. Nf3 Bh6
9. O-O Bxc1 10. Qxc1 Nf6 11. fxg6 fxg6 12. Qg5 d6 13. Bh3 O-O 14. Rf2 Kg7 15.
Nh4 Ne7 16. Raf1 h6 17. Qd2 h5 18. Nf3 Bc8 19. Ng5 Ng4 20. Bxg4 Rxf2 21. Rxf2
Bxg4 22. Rf7+ Kg8 23. Qf2 Qd7 24. Qf6 1-0

[Event "Gatineau CC-ch semi-rapide"]
[Site "Gatineau CAN"]
[Date "2014.03.25"]
[Round "3"]
[White "Akrib, Fouad"]
[Black "Raymond, Robert"]
[Result "1-0"]
[WhiteElo "1500"]
[BlackElo "1071"]
[PlyCount "53"]
[EventDate "2014.03.25"]
[EventType "swiss (rapid)"]
[EventRounds "6"]
[EventCountry "CAN"]

1. e4 e5 2. d4 exd4 3. Qxd4 Nc6 4. Qe3 d6 5. Nc3 g6 6. Bd2 Bg7 7. O-O-O Nf6 8.
f4 O-O 9. Bc4 Ng4 10. Qg3 Nf6 11. Nf3 Nh5 12. Qf2 Na5 13. Bd3 Be6 14. h3 Bc4
15. g4 Nf6 16. Qf1 Bxd3 17. Qxd3 Nc6 18. f5 Ne5 19. Nxe5 dxe5 20. Qc4 Kh8 21.
g5 Nd7 22. f6 Bxf6 23. gxf6 Nxf6 24. Bg5 Qd6 25. Rxd6 cxd6 26. Bxf6+ Kg8 27.
Nd5 1-0

[Event "Gatineau CC-ch semi-rapide"]
[Site "Gatineau CAN"]
[Date "2014.03.25"]
[Round "3"]
[White "Berthiaume, Serge"]
[Black "Lavergne, Daniel"]
[Result "0-1"]
[WhiteElo "1318"]
[BlackElo "1586"]
[PlyCount "50"]
[EventDate "2014.03.25"]
[EventType "swiss (rapid)"]
[EventRounds "6"]
[EventCountry "CAN"]

1. d4 Nf6 2. Nf3 c5 3. Bf4 Qb6 4. dxc5 Qxb2 5. Be5 Qb4+ 6. Nc3 Nc6 7. Rb1 Qxc5
8. Rb5 Qa3 9. Rb3 Qa5 10. Bxf6 gxf6 11. e3 f5 12. Bd3 Bg7 13. Qd2 d6 14. O-O
Be6 15. Rb5 Qxc3 16. Qxc3 Bxc3 17. Rxb7 Bxa2 18. Bxf5 e6 19. Bd3 O-O 20. Ng5 h6
21. Ne4 d5 22. Nxc3 Bc4 23. Bxc4 dxc4 24. Rd1 Rfc8 25. Rdd7 Ne5 0-1

[Event "Gatineau CC-ch semi-rapide"]
[Site "Gatineau CAN"]
[Date "2014.03.25"]
[Round "3"]
[White "Brousseau, Yvan"]
[Black "Leon, Carlos Antonio"]
[Result "1/2-1/2"]
[WhiteElo "1706"]
[BlackElo "1628"]
[PlyCount "46"]
[EventDate "2014.03.25"]
[EventType "swiss (rapid)"]
[EventRounds "6"]
[EventCountry "CAN"]

1. b3 b6 2. Bb2 Bb7 3. Nf3 Nf6 4. e3 e6 5. c4 c5 6. d4 d5 7. Be2 Nc6 8. O-O Be7
9. cxd5 exd5 10. dxc5 bxc5 11. Nc3 O-O 12. Rc1 Re8 13. Na4 Ne4 14. Ba3 Nb4 15.
Bxb4 cxb4 16. Bb5 Rf8 17. Bc6 Nc3 18. Nxc3 Bxc6 19. Ne2 Bb7 20. Ned4 Rc8 21.
Qd2 Qb6 22. Rfd1 Bf6 23. h3 g6 1/2-1/2

[Event "Gatineau CC-ch semi-rapide"]
[Site "Gatineau CAN"]
[Date "2014.03.25"]
[Round "3"]
[White "Guimond, Michel"]
[Black "Danis, Jacques"]
[Result "1/2-1/2"]
[WhiteElo "1750"]
[BlackElo "1641"]
[PlyCount "45"]
[EventDate "2014.03.25"]
[EventType "swiss (rapid)"]
[EventRounds "6"]
[EventCountry "CAN"]

1. e4 c5 2. b3 Nc6 3. Bb2 d6 4. Bb5 Bd7 5. d3 e6 6. f4 Nf6 7. h3 a6 8. Bxc6
Bxc6 9. Nd2 Be7 10. Qe2 Qc7 11. g4 Rg8 12. O-O-O O-O-O 13. Ngf3 Nd7 14. Rhf1 f6
15. Nc4 e5 16. f5 b5 17. Ne3 Nb6 18. Qd2 d5 19. Qa5 Kb7 20. exd5 Nxd5 21. Qxc7+
Kxc7 22. Nxd5+ Bxd5 23. Nd2 1/2-1/2

[Event "Gatineau CC-ch semi-rapide"]
[Site "Gatineau CAN"]
[Date "2014.03.25"]
[Round "3"]
[White "Pepin, Christian"]
[Black "Gagnon, Fabien"]
[Result "1-0"]
[WhiteElo "1814"]
[BlackElo "1775"]
[PlyCount "67"]
[EventDate "2014.03.25"]
[EventType "swiss (rapid)"]
[EventRounds "6"]
[EventCountry "CAN"]

1. e4 c5 2. Nf3 d6 3. d4 cxd4 4. Nxd4 Nf6 5. Nc3 a6 6. Be3 e6 7. h3 Be7 8. Bd3
O-O 9. O-O Nc6 10. a3 e5 11. Nde2 Be6 12. f4 exf4 13. Nxf4 Ne5 14. Nxe6 fxe6
15. Qe2 Qc7 16. Rf2 b5 17. Raf1 Rab8 18. g4 Nfd7 19. Qd2 Nc4 20. Bxc4 Qxc4 21.
Bg5 Rxf2 22. Rxf2 Bxg5 23. Qxg5 Qc5 24. Qe7 Rf8 25. Qxe6+ Kh8 26. Nd1 Ne5 27.
Kg2 Rxf2+ 28. Nxf2 h6 29. Qd5 Qxc2 30. Qxd6 Qxb2 31. Qxa6 Nd3 32. Qc8+ Kh7 33.
Qf5+ g6 34. Qd7+ 1-0

[Event "Gatineau CC-ch semi-rapide"]
[Site "Gatineau CAN"]
[Date "2014.03.25"]
[Round "3"]
[White "Seguin, Hubert"]
[Black "Jobin, Gilles G"]
[Result "1/2-1/2"]
[WhiteElo "1560"]
[BlackElo "1650"]
[PlyCount "67"]
[EventDate "2014.03.25"]
[EventType "swiss (rapid)"]
[EventRounds "6"]
[EventCountry "CAN"]

1. e4 d6 2. d4 Nf6 3. Nc3 c6 4. f4 Qa5 5. Bd2 e5 6. dxe5 dxe5 7. f5 Qb6 8. Nf3
Nbd7 9. Bc4 Bd6 10. Bg5 h6 11. Bxf6 Qe3+ 12. Qe2 Qxe2+ 13. Kxe2 Nxf6 14. Rad1
Bc7 15. Rd2 b5 16. Bd3 O-O 17. h3 Nh5 18. Rh2 a5 19. g4 Nf4+ 20. Kf1 Bb7 21.
Ne2 Nxd3 22. cxd3 Rad8 23. g5 hxg5 24. Nxg5 b4 25. h4 c5 26. h5 Ba6 27. Rh3 Rd6
28. b3 Rfd8 29. Nc1 c4 30. Ke2 c3 31. Rd1 Bb6 32. Rg3 Rh6 33. Rh3 Rhd6 34. Rg3
1/2-1/2

[Event "Gatineau CC-ch semi-rapide"]
[Site "Gatineau CAN"]
[Date "2014.03.25"]
[Round "4"]
[White "Lavergne, Daniel"]
[Black "Jobin, Gilles G"]
[Result "0-1"]
[WhiteElo "1586"]
[BlackElo "1650"]
[PlyCount "66"]
[EventDate "2014.03.25"]
[EventType "swiss (rapid)"]
[EventRounds "6"]
[EventCountry "CAN"]

1. d4 d6 2. c4 e5 3. d5 f5 4. Nc3 Nf6 5. Bg5 Be7 6. Qc2 O-O 7. O-O-O Ng4 8.
Bxe7 Qxe7 9. e3 Na6 10. Nh3 Nb4 11. Qb1 Bd7 12. a3 Na6 13. Bd3 Nc5 14. Bc2 a5
15. Rhe1 a4 16. f3 Nh6 17. f4 e4 18. Ng5 Nf7 19. Nxf7 Qxf7 20. g4 fxg4 21. Nxe4
Nxe4 22. Bxe4 g6 23. Bg2 Ra6 24. Rf1 b5 25. Qd3 Rb8 26. e4 bxc4 27. Qc3 Rb3 28.
Qxc4 Bb5 29. Qd4 Bxf1 30. Rxf1 Qg7 31. e5 dxe5 32. fxe5 Qh6+ 33. Kb1 Rab6 0-1

[Event "Gatineau CC-ch semi-rapide"]
[Site "Gatineau CAN"]
[Date "2014.03.25"]
[Round "4"]
[White "Scantland, Patrick"]
[Black "Seguin, Hubert"]
[Result "1-0"]
[WhiteElo "1628"]
[BlackElo "1560"]
[PlyCount "44"]
[EventDate "2014.03.25"]
[EventType "swiss (rapid)"]
[EventRounds "6"]
[EventCountry "CAN"]

1. d4 d5 2. Nf3 Nf6 3. c4 c6 4. Nc3 Bf5 5. cxd5 cxd5 6. Qb3 b6 7. Bg5 e6 8. e3
Be7 9. Bb5+ Nbd7 10. Ne5 O-O 11. O-O Nxe5 12. dxe5 Nd7 13. Bxe7 Qxe7 14. f4
Rac8 15. Bxd7 Qxd7 16. Nb5 Bc2 17. Qb4 Bd3 18. Nd6 Rc4 19. Nxc4 Bxf1 20. Nd6
Bd3 21. Qc3 Be4 22. Rd1 f6 1-0

[Event "Gatineau CC-ch semi-rapide"]
[Site "Gatineau CAN"]
[Date "2014.03.25"]
[Round "6"]
[White "Akrib, Fouad"]
[Black "Danilov, Alex"]
[Result "1-0"]
[WhiteElo "1500"]
[BlackElo "1843"]
[PlyCount "69"]
[EventDate "2014.03.25"]
[EventType "swiss (rapid)"]
[EventRounds "6"]
[EventCountry "CAN"]

1. e4 c5 2. Nf3 e6 3. d4 cxd4 4. Nxd4 Nc6 5. Nc3 Qc7 6. Be3 a6 7. Be2 Nf6 8.
Qd2 Bb4 9. f3 b5 10. Nb3 O-O 11. a3 Be7 12. O-O-O Ne5 13. Bf4 d6 14. h4 Bb7 15.
h5 Rfd8 16. g4 Nc4 17. Qe1 Rac8 18. Bxc4 bxc4 19. Nd2 e5 20. Be3 d5 21. exd5
Nxd5 22. Nxd5 Bxd5 23. c3 Qa5 24. Qg3 Bxa3 25. Ne4 Bxb2+ 26. Kxb2 Rb8+ 27. Kc1
Qa3+ 28. Kd2 Bxe4+ 29. Ke2 Bd3+ 30. Kf2 Rb2+ 31. Rd2 Qxc3 32. Rhd1 a5 33. h6 g6
34. Qh4 Rd6 35. Qe7 1-0

[Event "Gatineau op"]
[Site "Gatineau CAN"]
[Date "2014.01.28"]
[Round "1"]
[White "Cummins, Paul"]
[Black "Adriaanse, Adam"]
[Result "0-1"]
[WhiteElo "1817"]
[BlackElo "2097"]
[PlyCount "62"]
[EventDate "2014.02.28"]
[EventType "swiss"]
[EventRounds "5"]
[EventCountry "CAN"]

1. e4 c5 2. Nf3 g6 3. d4 Bg7 4. dxc5 Qa5+ 5. c3 Qxc5 6. Be3 Qc7 7. Bd3 Nf6 8.
h3 O-O 9. Nbd2 Nc6 10. Nb3 d5 11. exd5 Nxd5 12. Bd2 Nf4 13. Bxf4 Qxf4 14. O-O
Rd8 15. Qe2 e5 16. Rfd1 Bf5 17. Bxf5 gxf5 18. Rxd8+ Rxd8 19. Qb5 e4 20. Nh2 Rd7
21. g3 Qg5 22. g4 Be5 23. Qe2 Rd3 24. Qf1 Bxh2+ 25. Kxh2 Qf4+ 26. Kg1 Ne5 27.
Qg2 fxg4 28. hxg4 Nf3+ 29. Kf1 Nh4 30. Qg1 Qf3 31. Nd4 Rd1+ 0-1

[Event "Gatineau op"]
[Site "Gatineau CAN"]
[Date "2014.01.28"]
[Round "1"]
[White "Jobin, Gilles G"]
[Black "De Kerpel, Stijn"]
[Result "0-1"]
[WhiteElo "1896"]
[BlackElo "2227"]
[PlyCount "100"]
[EventDate "2014.02.28"]
[EventType "swiss"]
[EventRounds "5"]
[EventCountry "CAN"]

1. d4 d5 2. Nf3 Nc6 3. e3 Bg4 4. c3 Nf6 5. Be2 Bxf3 6. Bxf3 e5 7. Qb3 Rb8 8.
O-O e4 9. Be2 Bd6 10. c4 dxc4 11. Qxc4 O-O 12. Bd2 Ne7 13. b4 c6 14. Qc2 Ned5
15. a3 Qe7 16. Nc3 Nxc3 17. Bxc3 Nd5 18. Bd2 a6 19. Bc4 Nf6 20. h3 Bc7 21. Qd1
Qd6 22. g3 h5 23. Kh1 h4 24. Rg1 hxg3 25. fxg3 g6 26. Qf1 Nh5 27. Be1 Kg7 28.
Ra2 b5 29. Bb3 Nf6 30. Rf2 Nd5 31. Bd2 f5 32. Qg2 Rbe8 33. Bxd5 Qxd5 34. Bc3
Re6 35. Bb2 Ref6 36. Rc2 Bb6 37. Rgc1 Kg8 38. Qf2 g5 39. Qe2 Rh6 40. Kg1 Rff6
41. Qg2 Rhg6 42. Rf1 f4 43. exf4 gxf4 44. g4 Bxd4+ 45. Bxd4 Qxd4+ 46. Kh2 f3
47. Qg3 Qd3 48. Rcf2 Qxa3 49. g5 Qe3 50. Qg4 Qf4+ 0-1

[Event "Gatineau op"]
[Site "Gatineau CAN"]
[Date "2014.01.28"]
[Round "1"]
[White "Krolczyk, Jacob"]
[Black "Doubleday, William"]
[Result "0-1"]
[WhiteElo "1851"]
[BlackElo "2202"]
[PlyCount "60"]
[EventDate "2014.02.28"]
[EventType "swiss"]
[EventRounds "5"]
[EventCountry "CAN"]

1. e4 c5 2. Nc3 Nc6 3. g3 g6 4. Bg2 Bg7 5. Nge2 h5 6. h4 d6 7. d3 Nf6 8. Bd2
O-O 9. Qc1 e5 10. Bh6 Be6 11. Bxg7 Kxg7 12. f4 Ng4 13. f5 gxf5 14. exf5 Bxf5
15. O-O Bg6 16. Ne4 Rc8 17. Ng5 Qe7 18. Nc3 f6 19. Nd5 Qd7 20. Ne4 c4 21. Bh3
f5 22. Bxg4 hxg4 23. Nef6 Rxf6 24. Nxf6 Kxf6 25. Qg5+ Kf7 26. h5 Bh7 27. Qxg4
Nd4 28. dxc4 Rg8 29. Qe4 Ke8 30. Qe3 Rxg3+ 0-1

[Event "Gatineau op"]
[Site "Gatineau CAN"]
[Date "2014.01.28"]
[Round "1"]
[White "Libersan, Mattieu"]
[Black "Sambuev, Bator"]
[Result "0-1"]
[WhiteElo "1976"]
[BlackElo "2709"]
[PlyCount "128"]
[EventDate "2014.02.28"]
[EventType "swiss"]
[EventRounds "5"]
[EventCountry "CAN"]

1. e4 Nf6 2. e5 Nd5 3. d4 d6 4. c4 Nb6 5. f4 dxe5 6. fxe5 Nc6 7. Be3 Bf5 8. Nf3
e6 9. Nc3 Qd7 10. Be2 O-O-O 11. O-O f6 12. Rc1 Be7 13. a3 Qe8 14. Qe1 fxe5 15.
dxe5 Nd7 16. Nb5 a6 17. Na7+ Nxa7 18. Bxa7 Bc5+ 19. Bxc5 Nxc5 20. Qf2 Nd3 21.
Bxd3 Bxd3 22. Rfd1 Kb8 23. Qe3 Qg6 24. b4 Be4 25. b5 Rxd1+ 26. Rxd1 axb5 27.
cxb5 Bd5 28. b6 Rc8 29. Rc1 cxb6 30. Rxc8+ Kxc8 31. Qc3+ Kb8 32. Kf2 Qe4 33.
Qb4 Qc2+ 34. Kg3 Qc5 35. Nd4 Bc4 36. Nf3 h6 37. h4 Be2 38. Qb2 Qe3 39. Qd2 Qxd2
40. Nxd2 Ka7 41. Kf2 Bb5 42. Ke3 Ka6 43. Kd4 Ka5 44. Kc3 Ka4 45. Kb2 Bc6 46. g3
Kb5 47. Kc3 Kc5 48. Nc4 Kd5 49. Nxb6+ Kxe5 50. Kd3 Bb5+ 51. Ke3 Kd6 52. a4 Bc6
53. Kd4 e5+ 54. Kc4 Ke6 55. Kc5 Kf5 56. a5 Bh1 57. Nc4 Kg4 58. Nd6 Kxg3 59. Kb6
e4 60. Nxb7 e3 61. a6 e2 62. a7 Bxb7 63. Kxb7 e1=Q 64. a8=Q Qe4+ 0-1

[Event "Gatineau op"]
[Site "Gatineau CAN"]
[Date "2014.01.28"]
[Round "1"]
[White "Pacey, Kevin"]
[Black "Villeneuve, Luc"]
[Result "1/2-1/2"]
[WhiteElo "2216"]
[BlackElo "1857"]
[PlyCount "86"]
[EventDate "2014.02.28"]
[EventType "swiss"]
[EventRounds "5"]
[EventCountry "CAN"]

1. e4 g6 2. d4 Bg7 3. Nc3 d6 4. Nf3 Nf6 5. Be2 O-O 6. O-O Nc6 7. h3 e5 8. dxe5
Nxe5 9. Nxe5 dxe5 10. Bg5 c6 11. a4 Be6 12. Qxd8 Rfxd8 13. Rfd1 h6 14. Be3
Rxd1+ 15. Rxd1 Bf8 16. a5 Bb4 17. a6 b6 18. Bxh6 Bxc3 19. bxc3 Nxe4 20. Bf3
Nxc3 21. Bxc6 Nxd1 22. Bxa8 Nc3 23. Bb7 Ne2+ 24. Kh2 Nd4 25. Be3 f5 26. f4 Nxc2
27. Bxb6 Nb4 28. Bxa7 Bc4 29. fxe5 Nxa6 30. Bb6 Kf7 31. Bc8 Nb8 32. Bc7 Nc6 33.
Bd7 Nd4 34. Bd6 Bd5 35. h4 Ne2 36. h5 gxh5 37. Bxf5 Nd4 38. Bd7 Ne6 39. g3 Ng5
40. Bc7 Ne6 41. Bb8 Ng5 42. g4 hxg4 43. Bxg4 Ne6 1/2-1/2

[Event "Gatineau op"]
[Site "Gatineau CAN"]
[Date "2014.01.28"]
[Round "1"]
[White "Qin, Yuxuan"]
[Black "Pilotte, Benoit"]
[Result "1-0"]
[WhiteElo "2038"]
[BlackElo "1812"]
[PlyCount "57"]
[EventDate "2014.02.28"]
[EventType "swiss"]
[EventRounds "5"]
[EventCountry "CAN"]

1. e4 g5 2. d4 h6 3. c4 Bg7 4. Nc3 d6 5. Be3 Nf6 6. f3 Nc6 7. Bd3 e5 8. d5 Nd4
9. Nge2 Nh5 10. O-O Rg8 11. Bxd4 exd4 12. Nb5 Be5 13. g3 Bh3 14. Rf2 Bf4 15.
gxf4 gxf4+ 16. Kh1 Qh4 17. Qe1 Ng3+ 18. Nxg3 fxg3 19. Rc2 Qf6 20. Qd1 O-O-O 21.
Bf1 g2+ 22. Bxg2 Bxg2+ 23. Rxg2 Rxg2 24. Kxg2 d3 25. Nc3 Qg5+ 26. Kh1 Qe3 27.
Qf1 Rg8 28. Rd1 d2 29. Qe2 1-0

[Event "Gatineau op"]
[Site "Gatineau CAN"]
[Date "2014.01.28"]
[Round "1"]
[White "Simic, Dusan"]
[Black "Barlow Wilkes, Curtis"]
[Result "0-1"]
[WhiteElo "2175"]
[BlackElo "1835"]
[PlyCount "54"]
[EventDate "2014.02.28"]
[EventType "swiss"]
[EventRounds "5"]
[EventCountry "CAN"]

1. c4 e6 2. Nf3 d5 3. d4 Nf6 4. Nc3 c6 5. cxd5 exd5 6. Qc2 Bg4 7. Ne5 Bh5 8.
Bg5 Be7 9. e3 Ne4 10. Bxe7 Qxe7 11. Nxe4 dxe4 12. g4 Bg6 13. O-O-O Nd7 14. Nxg6
hxg6 15. Bg2 f5 16. Kb1 O-O-O 17. Rdg1 Nf6 18. gxf5 gxf5 19. Bf1 Nd5 20. Rg3 g5
21. h3 f4 22. exf4 gxf4 23. Ra3 Nb4 24. Qb3 Rxd4 25. Bc4 e3 26. Be6+ Kb8 27.
fxe3 Qh7+ 0-1